| 000 | 00857nam0a22002531 4500 | ||
|---|---|---|---|
| 001 | rc\284559 | ||
| 005 | 20030307120912.3 | ||
| 035 | _a(NLR Aleph) 005514587 | ||
| 090 |
_a5443086 _c5443086 |
||
| 100 | _a20030307d1990 u |0rusy50 ca | ||
| 101 | 0 | _arus | |
| 102 | _aRU | ||
| 105 | _aa ||||||||| | ||
| 200 | 1 | _aВолоконно-оптические датчики магнитного поля фарадеевского типа | |
| 210 |
_aМ. _cБ. и. _d1990 |
||
| 215 |
_a25 с. _cил. _d20 |
||
| 225 | 1 |
_aПрепринт _fАН СССР. Ин-т радиотехники и электроники _v№ 13 (542) |
|
| 320 | _aБиблиогр.: с. 23-25 | ||
| 700 | 1 |
_aАнтонов _bС. Н. _gСергей Николаевич |
|
| 801 | 0 |
_aRU _bNLR _gpsbo |
|
| 801 | 1 |
_aRU _bELAR _2rusmarc |
|
| 852 |
_aNLR _j90-4/11894 |
||
| 942 | _cBOOK | ||
| 980 | _aNB | ||